| 000 | 00627nam a2200241Ia 4500 | ||
|---|---|---|---|
| 003 | OSt | ||
| 005 | 20221007103817.0 | ||
| 006 | a|||||r|||| 00| 0 | ||
| 007 | ta | ||
| 008 | 221006b |||||||| |||| 00| 0 eng d | ||
| 024 | _a14,113 | ||
| 037 | _cTextual | ||
| 040 |
_aLCO _cLCO _beng |
||
| 041 |
_2eng _aeng |
||
| 082 | _aZ2,98:1, M0 | ||
| 100 |
_aRajagopaul G.R. _9705567 |
||
| 245 | 0 | _aDrafting of Laws | |
| 260 |
_aBombay _bN.M.Tripathi Private Limited India _c1980 |
||
| 300 | _a229 | ||
| 650 |
_aDRAFTING _9703021 |
||
| 942 |
_hZ2,98:1, M0 _cTEXL |
||
| 999 |
_c1183676 _d1183676 |
||